|
|
|
|
| LEADER |
00000nam0a2200000 4500 |
| 001 |
325108 |
| 005 |
20260318162419.0 |
| 035 |
|
|
|a (RuTPU)RU\TPU\book\350719
|
| 090 |
|
|
|a 325108
|
| 100 |
|
|
|a 20161129d1973 km y0rusy50 ca
|
| 101 |
0 |
|
|a rus
|
| 102 |
|
|
|a RU
|
| 105 |
|
|
|a y z 001zb
|
| 200 |
1 |
|
|a Ленин В. И., КПСС о социалистическом соревновании
|e [сборник]
|f сост. О. И. Терновой
|
| 210 |
|
|
|a Москва
|c Политиздат
|d 1973
|
| 215 |
|
|
|a 438 с.
|
| 320 |
|
|
|a Библиогр. в примеч.
|
| 600 |
|
1 |
|a Ленин
|b В. И.
|c настоящая фамилия Ульянов
|c российский политический деятель
|f 1870-1924
|g Владимир Ильич
|2 stltpush
|3 (RuTPU)RU\TPU\pers\1074
|9 486
|
| 606 |
|
|
|a Ленин В. И.
|j Письма
|7 ca
|8 rus
|2 stltpush
|3 (RuTPU)RU\TPU\subj\72730
|9 86134
|
| 606 |
1 |
|
|a КПСС
|x Документы и материалы
|2 stltpush
|3 (RuTPU)RU\TPU\subj\14906
|9 41226
|
| 606 |
1 |
|
|a Социалистическое соревнование
|x История
|2 stltpush
|3 (RuTPU)RU\TPU\subj\36948
|9 58140
|
| 610 |
1 |
|
|a съезды
|
| 610 |
1 |
|
|a конференции
|
| 610 |
1 |
|
|a постановления
|
| 610 |
1 |
|
|a решения
|
| 686 |
|
|
|a Т3(2)6-8Ленин154
|v LBC/SL-A
|2 rubbk
|
| 686 |
|
|
|a Ф61(2)2.011.1
|v LBC/SL-A
|2 rubbk
|
| 686 |
|
|
|a У9(2)243г
|v LBC/SL-A
|2 rubbk
|
| 702 |
|
1 |
|a Терновой
|b О. И.
|4 220
|
| 801 |
|
1 |
|a RU
|b 63413507
|c 20161129
|
| 801 |
|
2 |
|a RU
|b 63413507
|c 20210412
|g RCR
|
| 942 |
|
|
|c BK
|